American (USA) States, Capitals, and Largest Cities on the Map - Statistics

General Stats
  • This quiz has been taken 146 times
    132 since last reset
  • The average score is 87 of 133
Answers on the Map
Answers color-coded by a green-red scale on the quiz's map according to % correct below.
 
Answer Stats
Stan % Correct
California
96%
Texas
93%
Washington
92%
Washington D.C.
92%
New York
91%
New York City
91%
Alaska
89%
Alabama
88%
Florida
88%
Arizona
87%
Arkansas
87%
Idaho
87%
Nevada
87%
New Mexico
87%
Los Angeles
86%
Michigan
86%
Oregon
86%
Utah
86%
Georgia
84%
Illinois
84%
Kansas
84%
Mississippi
84%
Maine
83%
Montana
83%
New Jersey
83%
North Dakota
83%
Ohio
83%
Oklahoma
83%
South Dakota
83%
Tennessee
83%
Colorado
82%
Hawaii
82%
Louisiana
82%
Missouri
82%
Nebraska
82%
North Carolina
82%
South Carolina
82%
Wyoming
82%
Indiana
80%
Iowa
80%
Kentucky
80%
Minnesota
80%
Pennsylvania
80%
Virginia
80%
West Virginia
80%
Wisconsin
80%
Massachusetts
79%
New Hampshire
79%
Connecticut
78%
Houston
78%
Maryland
78%
Rhode Island
78%
Vermont
78%
Delaware
76%
Sacramento
76%
Austin
75%
Seattle
75%
Phoenix
74%
Chicago
72%
Honolulu
72%
Las Vegas
72%
Denver
71%
New Orleans
71%
Boston
70%
Indianapolis
68%
Atlanta
67%
Minneapolis
67%
Portland
67%
Salt Lake City
67%
Detroit
66%
Kansas City
64%
Philadelphia
64%
Oklahoma City
63%
Jackson
62%
Nashville
62%
Juneau
61%
Albany
59%
Baton Rouge
59%
Boise
59%
Little Rock
59%
Tallahassee
59%
Columbus
58%
Jacksonville
57%
Albuquerque
54%
Des Moines
54%
Olympia
54%
Anchorage
53%
Baltimore
53%
Helena
53%
Santa Fe
53%
Charlotte
51%
Montgomery
51%
Raleigh
51%
Saint Paul
51%
Salem
51%
Columbia
50%
Lincoln
50%
Louisville
50%
Providence
50%
Springfield
50%
Cheyenne
49%
Milwaukee
49%
Omaha
49%
Bismarck
47%
Carson City
47%
Dover
47%
Lansing
47%
Topeka
47%
Hartford
46%
Newark
46%
Pierre
46%
Charleston
45%
Jefferson City
45%
Madison
45%
Richmond
45%
Augusta
43%
Virginia Beach
43%
Wichita
43%
Annapolis
42%
Harrisburg
42%
Sioux Falls
42%
Trenton
42%
Montpelier
41%
Frankfort
39%
Billings
38%
Huntsville
37%
Fargo
36%
Wilmington
33%
Concord
30%
Manchester
29%
Bridgeport
28%
Burlington
25%
No matching quizzes found
Score Distribution
Percent of People with Each Score
Percentile by Number Answered
Your Score History
You have not taken this quiz since the last reset